00856nam a22002297a 45000010005000000030006000050050017000110080041000280200018000690400029000870820008001161000017001242450056001412600043001973000059002404900021002995050009003205200212003295210022005415210021005636500042005848405FISKH20250910152641.0250910b cb ||||| |||| 00| 0 eng d a9780448456782 aFISKHbengcFISKHdFISKH a823 aLauren Child aI would like to actually keep it /cby Lauren Child aNew York : bGrosset & Dunlap ,c2011. a24 unnumbered pages : bcolor illustrations ;c20 cm.  aCharlie and Lola aG  aCharlie has this little sister, Lola. One day, Lola finds a stuffed rabbit outside of school. Charlie says "we should try to find it's owner." But Lola says, "I would like to actually keep it!"--Back cover. 8 a380 bLexile 8 aG bRaz-Plus  aBrothers and sistersvChildren's Book